| 000 | 01467cam a2200409 i 4500 | ||
|---|---|---|---|
| 001 | 864183 | ||
| 003 | BJBSDDR | ||
| 005 | 20260312155829.0 | ||
| 007 | ta | ||
| 008 | 790419s1979 utu b 000 0 eng | ||
| 010 | _a 79013255 | ||
| 020 | _a0911226192 | ||
| 020 | _a9780911226195 | ||
| 035 | _a864183 | ||
| 040 |
_aDLC _cDLC _dDLC _beng |
||
| 041 | _aeng | ||
| 050 | 1 | 4 |
_aBF 637 _bB214f 1979 |
| 100 | 1 |
_aBandler, Richard, _d1950- _942778 |
|
| 245 | 1 | 0 |
_aFrogs into princes : _bneuro linguistic programming / _cby Richard Bandler and John Grinder ; edited by John O. Stevens. |
| 260 |
_aMoab, Utah : _bReal People Press, _cc1979. |
||
| 300 |
_aiv, 194 pages ; _c23 cm. |
||
| 336 |
_atext _btxt _2rdacontent |
||
| 337 |
_aunmediated _bn _2rdamedia |
||
| 338 |
_avolume _bnc _2rdacarrier |
||
| 500 | _a"Edited entirely from audiotapes of introductory NLP training workshops conducted by Richard Bandler and John Grinder." | ||
| 504 | _aBibliography: page 194. | ||
| 650 | 0 | _aPsychotherapy. | |
| 650 | 4 |
_aPsicoterapia _911104 |
|
| 650 | 0 | _aNeurolinguistic programming. | |
| 650 | 4 |
_aProgramación neurolinguística _947484 |
|
| 650 | 4 |
_aImágenes (Psicología) _910953 |
|
| 700 | 1 |
_aGrinder, John _q(John Thomas), _d1940- _ejoint author _942779 |
|
| 700 | 1 |
_aStevens, John O., _d1935-2018 _947485 |
|
| 906 |
_a7 _bcbc _corignew _d1 _eocip _f19 _gy-gencatlg |
||
| 942 |
_2lcc _cBK |
||
| 999 |
_c123903 _d123903 |
||